000 00276nam a22001337a 4500
008 180315b xxu||||| |||| 00| 0 eng d
020 _a2901854373044
041 _aeng
080 _a7
100 _a45
101 _aART
245 _aPOP ART
_cMCCARTHY.D
942 _2udc
_cBK
999 _c45068
_d45068